[Event "WchT 4th"]
[Site "Luzern"]
[Date "1997.10.27"]
[Round "3.3"]
[White "Gulko, Boris F"]
[Black "Sadler, Matthew D"]
[Result "1-0"]
[WhiteElo "2580"]
[BlackElo "2665"]
[Annotator "Ribli,Z"]
[PlyCount "61"]
[EventDate "1997.10.25"]
[EventType "team-tourn"]
[EventRounds "9"]
[EventCountry "SUI"]
[SourceTitle "CBM 062"]
[Source "ChessBase"]
[SourceDate "1998.01.31"]
[SourceVersion "1"]
[SourceVersionDate "1998.01.31"]
[SourceQuality "1"]
[WhiteTeam "US of America"]
[BlackTeam "England"]
[WhiteTeamCountry "USA"]
[BlackTeamCountry "ENG"]

1. c4 {Ftacnik} e5 2. Nc3 Nc6 3. Nf3 Nf6 4. g3 Bc5 {Das ist eine beliebte
Variante von Karpov und I.Sokolov. Ribli.} 5. Bg2 d6 6. d3 (6. e3 O-O 7. O-O
Re8 8. d4 Bb6 9. h3 Bf5 10. a3 a5 11. b3 Qd7 12. Kh2 h6 13. Nd5 Nxd5 14. cxd5
Ne7 15. dxe5 Be4 16. Bb2 Nxd5 17. exd6 Qxd6 18. Nh4 {Schandorff,L-Hansen,C/
Vejstrup 1989/CBM 15/1/2-1/2 (65)}) 6... a6 {Die schwarze Strategie ist, den
schwarzen Läufer auf der a7-g1 Diagonalen zu halten. Ribli.} (6... O-O 7. Bg5
h6 8. Bxf6 Qxf6 9. Ne4 Bb4+ 10. Nfd2 Qe7 11. O-O f5 12. Nc3 Bxc3 13. bxc3 Kh8
14. Rb1 Nd8 $13) (6... h6 7. a3 a6 8. e3 O-O 9. O-O Bf5 10. b4 Ba7 11. Qc2 Qd7
12. Rd1 Rfe8 {Vinke,A-Sebastian,D/GER-chJM U17 1996/EXT 96ch2/1/2-1/2 (56)}) 7.
O-O (7. Bg5 h6 8. Bxf6 Qxf6 9. O-O Ba7 10. Nd5 Qd8 11. b4 Nd4 12. e3 Nxf3+ 13.
Qxf3 c6 14. Nc3 O-O 15. a4 Bd7 16. b5 Bc5 17. Qe2 {1/2-1/2 Azmaiparashvili,
Z-Chernin,A/Vidmar mem12th 1997 (22)}) 7... O-O (7... h6 8. Nd5 O-O 9. h3 Ba7
10. Bd2 Nxd5 11. cxd5 Ne7 12. Qb3 c6 13. dxc6 bxc6 14. Qa4 Be6 15. Kh2 Qd7 16.
Rac1 Rfc8 17. b3 Rab8 {Vila,A-Spraggett,K/Sevilla op 1993/TD 93\03/0-1 (52)})
8. a3 (8. Bg5 h6 9. Bxf6 Qxf6 10. Ne4 Qe7 11. Nxc5 dxc5 12. Nd2 Bg4 $5 {
1/2-1/2 Gulko,B-Waitzkin,J/USA-ch 1995 (33)} (12... Nd4 {Ftacnik} 13. e3 Nf5
$11)) (8. e3 h6 9. b3 Ba7 10. Bb2 Rb8 $5 11. h3 b5 12. Rc1 Bd7 13. Kh2 Re8 $13
{Gulko,B-Wolff,P/USA-ch Modesto 02/1995/CBM51/}) 8... Nd4 (8... h6 9. b4 Ba7
10. Bb2 Bg4 11. h3 Be6 12. Kh2 Rb8 13. Nd2 Qd7 $6 14. Nd5 Ne8 15. Qa4 $1 $16 {
Timman,J-Karpov,An/Arnhem (m/5)/1993/0.5 (55)}) 9. Ne1 $146 {Weiß tauscht den
Springer nicht, und möchte mit späterem e2-e3 ein Tempo gewinnen. Das ist eine
ganz logische Idee. Ribli.} (9. b4 Nxf3+ 10. Bxf3 Bd4 (10... Ba7 11. Bg2 c6 12.
Rb1 Be6 13. a4 Qd7 14. Bb2 Bh3 15. Ne4 Nxe4 16. dxe4 Be6 $1 17. Qd3 b5 18. cxb5
axb5 19. axb5 cxb5 20. Rfd1 Rfd8 {0-1 Oliwa,M-Bobras,P/POL-ch 1996 (40)}) 11.
Bb2 c6 12. e3 Ba7 13. d4 exd4 14. exd4 d5 15. cxd5 Nxd5 $10 {= Stefansson,
H-Olafsson,H/Reykjavik (zt) 1995}) (9. e3 Nxf3+ 10. Bxf3 c6 11. b4 (11. d4 {
Ftacnik} Bb6 12. b4 Re8 13. dxe5 dxe5 14. Qc2 Qe7 15. Bb2 Bh3 16. Rfd1 Bg4 17.
Bxg4 Nxg4 18. c5 Bc7 19. e4 Qe6 20. Qe2 Nf6 21. Rd3 {Paneque,P-Hernandez,A/
Cuba ch sf 1995/1/2-1/2 (55)}) 11... Ba7 12. Bg2 Bg4 13. Qb3 Qd7 14. a4 Bh3 15.
Qd1 d5 16. cxd5 cxd5 17. Bxh3 Qxh3 18. Qf3 Rfd8 19. Bb2 d4 20. exd4 Bxd4 {
0-1 Schacher,G-Zifroni,D/EU-chJM U20 1996 (26)}) (9. Nd2 c6 10. b4 Ba7 11. Bb2
(11. e3 $5) 11... Bf5 12. e3 Ne6 {0-1 Gelfand,B-Karpov,A/Sanghi Nagar FIDE sf1
1995 (36)} 13. Nf3 h6 $1) 9... c6 10. e3 Nf5 (10... Ne6 {[%csl Re6] Nach
meiner Meinung steht der Springer auf e6 schlechter als in der Partie. Ribli.})
11. Nf3 Ba7 12. b4 $14 {Weiß hat gewissen Raumvorteil und entwickelt beide
Läufer auf die langen Diagonalen, was ihm einen kleinen Vorteil bietet. Ribli.}
(12. d4 e4 13. Nd2 d5 $13 {Der zunächst auf a7 nicht so gut stehende Läufer
kann später über b8 leicht ins Spiel kommen. Ribli.}) 12... Re8 13. Bb2 Rb8 (
13... b5 $5 14. cxb5 axb5 (14... cxb5 $2 15. Nxe5 $16 {[%cal Rg2a8]}) 15. a4 (
15. Nd2 Bd7 $11)) (13... d5 {Ftacnik} 14. c5 (14. cxd5 cxd5 15. e4 dxe4 16.
dxe4 Nd4 $11)) 14. Rc1 b5 {[#]} 15. c5 $13 {Dieser und die folgenden
geistvollen Züge von Weiß führen zu komplitziertem Spiel, mir erscheinen die
Verwicklungen für Weiß vorteilhaft. Ribli.} dxc5 (15... d5 {[%csl Ra7]} 16. e4
dxe4 17. dxe4 Nd4 18. Nxd4 exd4 19. Ne2 Nxe4 20. Nxd4 $14 {[%csl Ra7,Gb2,Gg2]})
16. Ne4 $1 cxb4 (16... Nxe4 17. dxe4 Ne7 18. Bxe5 $14 (18. Bxe5 {Ftacnik} Rb7
19. bxc5 $14)) 17. Nxe5 bxa3 {Ftacnik: Black is unlucky, that his main
tactical idea with sacrifice on e3 fails. Ftacnik: Schwarz spielt ohne fortune,
da seine taktische Hauptidee mit dem Opfer auf e3 leider scheitert.} 18. Ba1 {
Weiß hat zwei Bauern weniger, aber alle seine Figuren stehen aktiv. Schwarz
kann seinen Materialvorteil nicht halten. Ribli.} (18. Nxc6 $2 axb2 19. Nxd8
bxc1=Q 20. Qxc1 Rxd8 $17 {Schwarz besitzt Turm und zwei Leichtfiguren für die
Dame, was mehr als ausreichender Ersatz ist. Ribli.} 21. Qc7 (21. Nxf6+ gxf6
22. Qc7 Rd7 (22... Rd7 23. Qf4 Ne7 $17)) 21... Rd7) (18. Nxf6+ {Ftacnik} Qxf6
19. Rxc6 Qe7 20. Ba1 Bb7 $17) 18... Nxe4 (18... Nxe3 $2 19. fxe3 Bxe3+ 20. Kh1
Nxe4 (20... Bxc1 {Ftacnik} 21. Nxc6 Qc7 22. Nxf6+ gxf6 23. Qxc1 $18) 21. Bxe4
Bxc1 22. Qh5 $1 $18 Bh6 (22... g6 23. Rxf7 $1 gxh5 24. Bxh7+ Kh8 25. Ng6#) (
22... f5 23. Qf7+ Kh8 24. Ng6+ hxg6 25. Qxg7#) 23. Qxf7+ (23. Nxf7 {Ftacnik}
Rb7 24. Nxh6+ gxh6 25. Bxh7+ Kxh7 26. Rf7+ Kg8 27. Qg6#) 23... Kh8 24. Ng6+
hxg6 25. Qxg6 Rxe4 26. Qxh6+ Kg8 27. Qxg7#) 19. Bxe4 {[%csl Ga1,Ge4]} (19. dxe4
$2 {[%csl Rg2]} Qxd1 (19... Ne7 20. Qb3 Be6 21. Qxa3 $44) 20. Rfxd1 Ne7 21.
Nxc6 Nxc6 22. Rxc6 b4 $19 {Die schwarzen verbundenen Freibauern entscheiden
die Partie. Ribli.}) 19... Qg5 $2 {Die Dame steht schlecht auf g5. Das wird
die Ursache für den Verlust der Partie sein.} (19... c5 $5 20. Qf3 $13 (20. Nc6
Qc7 21. Nxb8 Qxb8 22. Qg4 {[%csl Rf5,Rg7]} g6 23. Qg5 Qd6 $15)) 20. Nxc6 Rb7 {
Tactical complications make and brake many games, with this move black misses
the boat. Taktische Komplikationen entscheiden viele Partien, mit diesem Zug
verliert schwarz seine Chancen.} (20... Nxe3 21. Qd2 $16 {[%csl Gc6,Rg5][%cal
Gd2g5]} (21. Qd2 $1 {Ftacnik} h6 (21... Qh6 22. Rfe1 Ng4 23. Qxh6 Bxf2+ 24. Kg2
gxh6 25. Bxh7+ Kf8 26. Rxe8+ Kxe8 27. Nxb8 $18) 22. Rfe1 (22. Nxa7 Nxf1 23.
Qxg5 hxg5 24. Rxf1 Bb7 $16) 22... Ng4 23. Qxg5 Bxf2+ 24. Kg2 hxg5 25. Bh7+ (25.
Nxb8 Bxe1 26. Rxe1 Bb7 27. Nd7 f5 $17) 25... Kxh7 26. Rxe8 Ra8 27. h3 Nf6 28.
Re7 $13) (21. fxe3 Bxe3+ 22. Kh1 Rb7 23. Rc2 Bh3 $15)) 21. Nxa7 Rxa7 22. Rc5 {
[%cal Rc5g5] Diese Feßlung auf der fünften Reihe entscheidet die Partie.} f6 {
Schwarz kann den Figurenverlust nicht mehr vermeiden. Ribli.} (22... Qg6 {
[%cal Ge4g6]} 23. Qf3 Nh4 24. Qf4 Qb6 25. Qe5 $18 {[%cal Ra1g7]} Rxe5 26. Rxc8+
) (22... Qe7 {Ftacnik} 23. Rxc8 (23. Qc2 Nd6) 23... Rxc8 24. Bxf5 Rd8 25. Bd4
Rb7 26. Qa1 f6 27. Rb1 $16) (22... b4 {Ftacnik} 23. Bxf5 Bxf5 24. e4 b3 25.
Rxf5 $18) 23. Qc2 {[%cal Rc2c8]} Be6 (23... Nxe3 24. Qc1 $18 {[%csl Re3][%cal
Rc5g5]} (24. Qc1 {Ftacnik} Nxf1 25. Rxg5 fxg5 26. Kxf1 $18)) 24. Bxf5 Bxf5 25.
e4 Qg6 26. Rxf5 $18 {Schwarz hat nur einen Bauern für die Figur und die
Bauernmasse am Damenflügel ist nicht gefährlich für Weiß. Ribli.} Qf7 27. Qc3 (
27. Rd5 {Ftacnik} b4 28. Rb1 Rb7 29. Qa4 $18) 27... a2 {Dieser Bauer allein
kann die Partie nicht halten. Ribli.} 28. Rd5 Rb7 (28... Rd7 {Ftacnik} 29. Rxd7
(29. Qb3 Rxd5 30. exd5 Re2 31. Bb2 $18) 29... Qxd7 30. Bb2 $18) 29. Qa3 b4 30.
Qxa2 Rb5 (30... b3 {Ftacnik} 31. Qa3 $18) 31. Qxa6 {Und Schwarz gab in völlig
verlorener Stellung auf. Ribli.} (31. Qxa6 {Ftacnik} Rxd5 32. exd5 Qxd5 33. Qc4
$18) 1-0

[Event "EU-ch 2nd"]
[Site "Ohrid"]
[Date "2001.06.01"]
[Round "1"]
[White "Stefansson, Hannes"]
[Black "Abbasov, Farid"]
[Result "1-0"]
[WhiteElo "2570"]
[BlackElo "2439"]
[Annotator "Ribli,Z"]
[PlyCount "75"]
[EventDate "2001.06.01"]
[EventType "swiss"]
[EventRounds "13"]
[EventCountry "YUG"]
[SourceTitle "CBM 084"]
[Source "ChessBase"]
[SourceDate "2001.09.13"]
[SourceVersion "1"]
[SourceVersionDate "2001.09.13"]
[SourceQuality "1"]

1. c4 e5 2. g3 Nf6 3. Bg2 d5 4. cxd5 Nxd5 5. Nf3 {Das ist eine ungewöhnliche
Zugfolge, üblicherweise spielt man 5.Nc3.} Nc6 6. O-O Be7 7. Nc3 {Anstelle der
Partiefortsetzung wäre auch der Aufbau 7.d3 nebst b3-Bb2 mit dem Plan
Nd2-e4-c5 spielbar. Die durch den Textzug erreichte Variante wird aber
deutlich häufiger gespielt.} Nb6 8. a3 O-O (8... a5) 9. b4 Re8 10. d3 a5 {
Diese Fortsetzung gefällt mir nicht. Schwarz sollte zunächst abwarten - mit 10.
..Bf8 - und nur nach 11.Bb2 mit 11...a5 antworten. In unserer Partie kommt der
Bc1 sehr gut auf f4 zur Geltung.} (10... Bf8 11. Bb2 a5 12. b5 Nd4 13. e3 Nxf3+
14. Bxf3 a4 15. Qc2 Bf5 16. Rfd1 Ra7 17. Be4 Be6 $2 (17... Bxe4 18. dxe4 Qf6
19. Nd5 $14) 18. d4 $1 Bb3 19. Bxh7+ Kh8 20. Qf5 {1-0 Sturua,Z-Xu Jun/Istanbul
2000/EXT 2001/[Ftacnik] (30)}) 11. b5 Nd4 12. Nd2 $5 {Natürlich tauscht Weiß
nicht auf d4, denn er möchte e3 und später d4 ziehen. Ein weiterer Vorteil für
Weiß besteht darin, dass sein schwarzfeldriger Läufer auf c1 steht, weshalb er
in vielen Varianten das starke Rb1 ziehen kann.} a4 (12... c6 13. bxc6 Nxc6 14.
Rb1 a4 15. Nc4 Nxc4 16. dxc4 Nd4 17. Nxa4 Rxa4 18. Qxa4 Nxe2+ 19. Kh1 Nc3 20.
Qc2 Nxb1 21. Qxb1 Bc5 22. Bxb7 Bg4 23. Qc2 Qe7 24. Be4 g6 25. a4 {1-0 Cekro,
E-Miralles,G/Escaldes 1998/CBM 68 (39)}) (12... Rb8 13. e3 Ne6 14. Nf3 f6 15.
Qc2 Bf8 16. Rd1 Qe7 17. Bb2 Rd8 18. Ne4 a4 19. d4 exd4 20. Nxd4 Nxd4 21. Bxd4 {
1-0 Bischoff,K-Stajcic,N/Austria 1996/CBM 52 ext (57)}) 13. e3 Ne6 (13... Nf5
14. Nf3 $14) 14. Nf3 f6 (14... Nc5 15. Nxe5 Nb3 16. Ra2 Nxc1 (16... Be6 17.
Bxb7 Nxc1 18. Qxc1 Bxa2 19. Bxa8 $16) 17. Qxc1 Bf6 (17... Bxa3 18. Rxa3 Rxe5
19. d4 $14) 18. d4 Bxe5 19. dxe5 Rxe5 20. Rd1 $14) 15. d4 $14 {[%mdl 4] Nach
diesem Zug bekommt Weiß Übergewicht im Zentrum, zudem hat er das bessere
Figurenspiel.} exd4 16. Nxd4 (16. exd4 $5 $14) 16... Nxd4 17. exd4 {[%csl Gg2]
[%cal Gg2a8]} f5 $6 {Schwarz fürchtet das mögliche 18.Ne4 und schwächt daher
seine Stellung.} (17... Bd6 18. Ne4 $14 {[%cal Ge4c5]}) 18. Bf4 {[%csl Gf4]
[%cal Gf4c7]} Bf6 $6 (18... Bd6 19. Bxd6 (19. Be5 Bxe5 20. dxe5 Qxd1 21. Raxd1
Rxe5 22. Rd8+ Kf7 23. Rfd1 $44) 19... Qxd6 20. Re1 $14) 19. Rc1 $1 {Weiß
kümmert sich nicht um die Verteidigung des Pd4, sondern attackiert seinerseits
den Pc7.} g5 {Dieser Zug schwächt die schwarze Königsstellung, aber guter Rat
war hier in der Tat schon teuer.} (19... Bxd4 20. Bxc7 Qxc7 (20... Bxf2+ $2 21.
Rxf2 Qxc7 22. Nd5 Qd8 23. Nc7 $18 {[%cal Rc7a8,Rc7e8]}) 21. Qxd4 $14) (19...
Qxd4 20. Bxc7 $14) 20. Be5 {Weiß investiert vorübergehend einen Bauern, um
weiteren positionellen Vorteil zu erlangen.} Bxe5 21. dxe5 Qxd1 (21... Qe7 22.
Qh5 $16 (22. Nd5 Nxd5 23. Qxd5+ Kh8 24. e6 $16 {[%csl Rc7][%cal Rd5e5,Re5c7,
Re5h8]})) 22. Rfxd1 Rxe5 23. Nd5 Be6 (23... Nxd5 24. Bxd5+ Be6 (24... Kh8 25.
Rxc7 $18) 25. Bxe6+ Rxe6 26. Rxc7 $18 {[%csl Gc7][%cal Rc7b7,Rc7h7]}) 24. Nxc7
$16 {[%mdl 2048] Weiß hat den Bauern zurück gewonnen und übt mit seinen
aktiven Figuren starken positionellen Druck aus.} Rc8 (24... Rb8 25. Rd6 $18 {
[%cal Rd6b6,Rd6e6]}) 25. Bxb7 Rb8 26. Nxe6 Rxb7 (26... Rxe6 27. Bd5 Nxd5 28.
Rxd5 $16) 27. Rd8+ Kf7 28. Nxg5+ {Weiß hat nun schon zwei Bauern mehr und
Angriff.} Kg7 29. Rc6 $18 {[%csl Rg7]} Nd7 (29... Rxb5 30. Ne6+ Kf7 31. Rh8 $18
) 30. Ne6+ Kf7 31. Nc7 (31. Nd4 $18) 31... Re1+ 32. Kg2 Ne5 (32... Nf6 33. Rd4
Re4 34. Rdd6 $18) 33. Rc5 f4 (33... Ke7 34. Re8+ Kd6 35. Rd5+ Kxc7 36. Rexe5
Rxe5 37. Rxe5 $18) 34. gxf4 Ng6 35. f5 Ne7 (35... Ne5 36. f4 $18) 36. Rh8 (36.
Rd4 $18) 36... Kg7 37. Ra8 Kf6 38. Ne8+ (38. Ne8+ Kg5 (38... Kf7 39. Nd6+ $18 {
[%cal Rd6b7,Rd6f7]}) 39. f6+ $18) 1-0

[Event "Linklater Memorial"]
[Site "San Francisco"]
[Date "2001.03.28"]
[Round "3"]
[White "Mulyar, Michael A"]
[Black "Baburin, Alexander"]
[Result "0-1"]
[WhiteElo "2428"]
[BlackElo "2598"]
[Annotator "Ribli,Z"]
[PlyCount "60"]
[EventDate "2001.02.26"]
[EventType "tourn"]
[EventRounds "10"]
[EventCountry "USA"]
[EventCategory "8"]
[SourceTitle "CBM 082"]
[Source "ChessBase"]
[SourceDate "2001.05.17"]
[SourceVersion "1"]
[SourceVersionDate "2001.05.17"]
[SourceQuality "1"]

1. c4 e5 2. g3 Nf6 3. Bg2 d5 4. cxd5 Nxd5 5. Nc3 Nb6 6. Nf3 Nc6 7. Rb1 {
Diese Idee ist populär in jüngster Zeit, jedoch nach der Zugfolge 7.0-0 Be7 8.
Rb1. Seine Hauptidee ist, dass Weiß nicht erst a3 oder d3, sondern sofort
b2-b4 ziehen möchte.} g6 {Eine logische Fortsetzung - weil der Bf8 noch nicht
entwickelt ist, braucht sich Schwarz nicht um das weiße Spiel am Damenflügel
zu kümmern, und platziert seinen Läufer nach g7.} (7... Bg4 {[/\ Qd7,
0-0-0|^>>]} 8. O-O f6 9. d4 $1 Nxd4 10. Nxd4 exd4 11. Nb5 Qd7 $1 12. Qxd4 Qxd4
13. Nxd4 O-O-O 14. h3 $5 Bh5 15. e3 Bf7 16. b3 c5 $1 17. Nb5 a6 18. Nc3 Nd5 $1
{1/2-1/2 Serper,G-Oratovsky,M/North Bay 74/30 1998/Inf 74/[Serper,G] (24)}) 8.
O-O Bg7 9. b4 (9. d3 h6 10. b4 O-O 11. b5 Nd4 12. Nd2 a6 13. a4 axb5 14. axb5
f5 15. Nc4 Nxc4 16. dxc4 e4 17. Nd5 c6 18. bxc6 bxc6 19. Nb4 c5 20. Nd5 Ba6 {
0-1 Jovanovic,S-Maric,M/Cetinje 1992/EXT 97 (29)}) 9... O-O 10. d3 (10. a4)
10... Nd4 11. Nxd4 {Dieser Zug wirkt auf den ersten Blick nicht sehr logisch -
denn in der Folge gewinnt Schwarz Raumvorteil im Zentrum und das Feld c3 wird
ein ewiges positionelles Loch. Andererseits aber bekommt Weiß die für diese
Stellung übliche Initiative am Damenflügel, zudem wirde sein Springer aktiv
auf e4.} (11. Nd2 $5) (11. a4) 11... exd4 12. Ne4 Nd5 {[%csl Yc3]} 13. Bg5 $6 (
13. Qb3 $5 c6 (13... Be6 14. Nc5 b6 15. Nxe6 fxe6 16. Bd2 $14) 14. b5 $13)
13... f6 14. Bd2 b6 {Schwarz bereitet 15...Be6 und verhindert Nc5.} 15. Qc1 (
15. Qc2) 15... Be6 $6 (15... Bb7 $15 {Aufgrund des Zuges 14...b6 wäre diese
Entwicklung des Läufers logischer gewesen.}) 16. Qc6 $13 Qe8 17. Qxe8 $6 {
[%mdl 16384] Weiß hätte mit diesem Tausch noch etwas warten sollen.} (17. Rfc1
$1 a6 $1 $13 (17... Qxc6 $2 18. Rxc6 Rfe8 19. Ng5 (19. b5 h6 $6 {[%cal Rf6f5,
Rf5e4] Schwarz bereitet den Zug f6-f5, aber der Textzug verhindert gar nicht
die Moeglichkeit Ng5.} (19... a6 20. Ng5) 20. Ng5 hxg5 21. Rxe6 Rxe6 22. Bxd5
Rae8 23. Rc1 Kh7 24. Bxe6 Rxe6 25. Kf1 $16) 19... fxg5 20. Rxe6 Rxe6 21. Bxd5
Rae8 22. Rc1 Kf8 23. Bxe6 Rxe6 24. Kf1 $16)) 17... Rfxe8 18. h3 $6 {Das ist
nur ein weiterer Zeitverlust.} (18. Rfc1) 18... Rad8 19. Rfc1 h6 $15 {Jetzt
ist alles soweit vorbereitet - anschließend kann Schwarz f6-f5 ziehen, und der
stolze weiße Ne4 muss weichen.} 20. g4 {Weiß räumt das Feld g3 für seinen
Springer.} f5 21. gxf5 gxf5 22. Ng3 Nc3 {[%csl Gc3]} 23. Bxc3 $6 {Natürlich
ist der Nc3 unangenehm für Weiß, aber auch mit diesem Tausch hätte Weiß nicht
eilen müssen.} (23. Rb2 Bd7 24. Bf3 $15) 23... dxc3 24. Rc2 c5 $1 {Es ist nur
logisch, dass Schwarz die Stellung für sein Läuferpaar öffnen möchte.} 25. Bf1
$6 {Wieder ein passiver Zug - das ist ein außerordentlich genügsames Feld für
einen Läufer.} (25. bxc5 bxc5 26. Rb7 c4 27. Bc6 cxd3 28. exd3 Rf8 29. Re2 Bc8
30. Rxa7 Rxd3 31. Rc7 $15) 25... c4 $17 26. dxc4 (26. Rd1 $142) 26... f4 $1 27.
Ne4 Bf5 28. f3 Rxe4 $1 {[%mdl 64] Dieses Opfer ist einfach aber schön -
aufgrund der passiven Stellung seiner Figuren ist Weiß hilflos.} 29. fxe4 Bxe4
$19 30. Rcc1 (30. Rbc1 Bxc2 31. Rxc2 Rd2 32. Rc1 c2 $19) 30... Bxb1 (30... Bxb1
31. Rxb1 c2 32. Rc1 Rd2 $19) 0-1

[Event "Reykjavik op"]
[Site "Reykjavik"]
[Date "1996.??.??"]
[Round "8"]
[White "Hansen, Curt"]
[Black "Raetsky, Alexander"]
[Result "1-0"]
[WhiteElo "2615"]
[BlackElo "2485"]
[Annotator "Ribli,Z"]
[PlyCount "83"]
[EventDate "1996.03.??"]
[EventType "swiss"]
[EventRounds "9"]
[EventCountry "ISL"]
[SourceTitle "CBM 052"]
[Source "ChessBase"]
[SourceDate "1996.06.01"]
[SourceVersion "1"]
[SourceVersionDate "1996.06.01"]
[SourceQuality "1"]

1. c4 e5 2. Nc3 Nf6 3. Nf3 Nc6 4. g3 Bb4 5. Nd5 a5 $6 (5... Bc5 $5) 6. Bg2 O-O
7. O-O Re8 (7... d6 8. Nxb4 axb4 9. b3 Bf5 10. Bb2 Re8 11. Re1 Ra5 12. d4 $14 {
Georgiev,Ki-Sokolov,I/Tilburg 20'/CBM44/}) 8. d3 h6 9. b3 d6 10. Bb2 Bc5 {
Nach meiner Meinung passen die drei Züge a5+ Bc5+ Re8 in dieser Variante nicht
zusammen.} 11. e3 Bg4 12. h3 Bh5 13. a3 Ba7 14. Nc3 Qd7 $146 (14... Nd7 15. Qc2
Nc5 16. Nh4 Ne6 17. Nd5 $14 {Serper,G-Timman,J/Manila olm/1992/INF55,42/}) 15.
Kh2 Bg6 16. Qd2 Bf5 17. Rae1 Be6 {Die letzten schwarzen Läufermanöver 
(Bg4-h5-g6-f5-e6) sehen sehr mysthisch aus.} 18. Nb5 Bb6 19. e4 $1 Nh7 20. d4 {
Weiß verbessert seine Stellung thematisch durch Raumgewinn.} exd4 21. Nfxd4 a4
{Der Nachziehende versucht am Damenfluegel einiges Gegenspiel zu erreichen.}
22. Nxe6 Qxe6 (22... Rxe6 23. b4 $14) (22... fxe6 23. b4 $14 {/\ c5}) 23. Qc3
$1 Qe5 24. Qc1 $1 Qe6 25. b4 $14 {/\ c5 >< c7} Ne5 $8 26. Bxe5 $1 {Der
Anziehende hat das Läuferpaar aufgegeben, um die Kontrolle über die weissen
Felder zu erlangen, und um gegen die c7,b7 Bauern und den b6 Laeufer spielen
zu können.} Qxe5 $8 (26... dxe5 $2 27. c5 $18) 27. f4 Qh5 28. e5 $1 {Die
schwarze Dame auf h5 und der Springer auf h7 stehen im Abseits. Dieses
chancenreiches Bauernopfer sichert Weiß die Initiative.} dxe5 29. c5 exf4 30.
Rxf4 $1 Rxe1 31. Qxe1 c6 32. Nd6 Bc7 33. Qe7 Bxd6 34. cxd6 {/\ d7-d8} Rf8 35.
Qxb7 $1 {Das bedeutet Rückeroberung des Bauern mit Vorteil für Weiß, der ein
sehr gutes "Geschaeft" abgeschlossen hat. Der Anziehende hat einen sehr
gefährlichen d-Bauern, und die schwarzen Bauern am Damenfluegel sind nicht
mehr lange haltbar.} (35. d7 Qg5 36. Rxf7 Qxe7 37. Rxe7 Nf6 38. b5 $16) 35...
Qe5 36. Qe7 $1 Qxe7 37. dxe7 Re8 38. Bxc6 Rxe7 39. b5 $1 {Jetzt marschiert
dieser Bauer durch.} Nf6 40. b6 Re2+ (40... Nd7 41. Bxd7 Rxd7 42. Rxa4 Rb7 43.
Rb4 Kf8 44. a4 Ke7 45. a5 Kd7 46. a6 $18) 41. Kg1 Rb2 42. Rb4 {Die ganze
Partie war eine sehr gute Leistung von Hansen.} 1-0